[Event "BCF-chT 9596 (4NCL) 3rd"]
[Site "England"]
[Date "1996.04.27"]
[Round "9.33"]
[White "O'Shaughnessy, Conor"]
[Black "Conquest, Stuart"]
[Result "1-0"]
[WhiteElo "2240"]
[BlackElo "2540"]
[PlyCount "91"]
[EventDate "1995.11.25"]
[EventType "team-tourn"]
[EventRounds "13"]
[EventCountry "ENG"]
[SourceTitle "EXT 2019"]
[Source "ChessBase"]
[SourceDate "2018.10.10"]
[SourceVersion "1"]
[SourceVersionDate "2018.10.10"]
[SourceQuality "1"]
[WhiteTeam "Na Fianna"]
[BlackTeam "Bristol"]
[WhiteTeamCountry "ENG"]
[BlackTeamCountry "ENG"]

1. e4 c5 2. Nf3 Nc6 3. c3 d5 4. exd5 Qxd5 5. d4 Bg4 6. Be2 Nf6 7. 0-0 e6 8. Be3 Be7 9. h3 Bh5 10. dxc5 Qxd1 11. Rxd1 Nd5 12. b4 0-0 13. a3 a5 14. b5 Na7 15. g4 Bg6 16. Bd4 f6 17. c4 Nf4 18. Bf1 Rad8 19. Nc3 Nc8 20. Be3 e5 21. Nd5 Ne6 22. Nxe7+ Nxe7 23. Rd6 Kf7 24. Rad1 Rc8 25. Rd7 Nxc5 26. Bxc5 Rxc5 27. R1d6 Rb8 28. Nd2 b6 29. Bg2 Ke8 30. Rb7 Rxb7 31. Bxb7 Nc8 32. Bc6+ Ke7 33. Rd7+ Ke6 34. Rb7 Ne7 35. Bd7+ Kd6 36. Bf5 Bxf5 37. gxf5 Rc7 38. Rxb6+ Kc5 39. Ra6 Nxf5 40. Kf1 Kd4 41. Rxa5 Kc3 42. Ke1 Rd7 43. b6 Nd4 44. Rd5 Re7 45. c5 f5 46. c6 1-0